| 000 | 00524nam a22001697a 4500 | ||
|---|---|---|---|
| 003 | BD-ChCU | ||
| 005 | 20260301095355.0 | ||
| 008 | 260301b bg ||||| |||| 00| 0 ben d | ||
| 040 | _cBD-ChCU | ||
| 082 | _a363.8095414 TAB | ||
| 100 |
_aTarakchandra Das. _920668 |
||
| 245 |
_aBengal famine 1943 : _bas revealed in a Survey of the Destitutes in Calcutta ./ _cDas Tarakchandra . |
||
| 260 |
_aCalcutta : _bUniv. of Calcutta , _cC 1949 |
||
| 300 | _avi , 154p | ||
| 650 | 0 |
_aFamines - Bengal . _920669 |
|
| 942 |
_2ddc _cBK _n0 |
||
| 999 |
_c111783 _d111783 |
||